Maurizio Cattelan / (Record no. 679)
[ view plain ]
| 000 -LEADER | |
|---|---|
| campo de control de longitud fija | 01205mam a2200337 i 4500 |
| 001 - NÚMERO DE CONTROL | |
| campo de control | 2557627 |
| 005 - FECHA Y HORA DE LA ÚLTIMA TRANSACCIÓN | |
| campo de control | 20220326193329.0 |
| 008 - DATOS DE LONGITUD FIJA--INFORMACIÓN GENERAL | |
| campo de control de longitud fija | 000710s2000 enkach b 000 0deng d |
| 020 ## - NÚMERO INTERNACIONAL ESTÁNDAR DEL LIBRO | |
| Número Internacional Estándar del Libro | 0714838667 |
| 035 ## - NÚMERO DE CONTROL DEL SISTEMA | |
| Número de control de sistema | (OCoLC)43340753 |
| 035 ## - NÚMERO DE CONTROL DEL SISTEMA | |
| Número de control de sistema | (OCoLC)ocm43340753 |
| 035 ## - NÚMERO DE CONTROL DEL SISTEMA | |
| Número de control de sistema | (NNC)2557627 |
| 040 ## - FUENTE DE CATALOGACIÓN | |
| Centro catalogador/agencia de origen | DNGA |
| Centro/agencia transcriptor | DNGA |
| Centro/agencia modificador | MoSR |
| -- | MnU |
| -- | CtY |
| 082 ## - NÚMERO DE LA CLASIFICACIÓN DECIMAL DEWEY | |
| Número de clasificación | 701.18 |
| Número de ítem | B697m |
| 100 1# - ENTRADA PRINCIPAL--NOMBRE DE PERSONA | |
| Nombre de persona | Bonami, Francesco. |
| 9 (RLIN) | 3051 |
| 245 10 - MENCIÓN DEL TÍTULO | |
| Título | Maurizio Cattelan / |
| Mención de responsabilidad, etc. | Francesco Bonami, Nancy Spector, Barbara Vanderlinden. |
| 260 ## - PUBLICACIÓN, DISTRIBUCIÓN, ETC. | |
| Lugar de publicación, distribución, etc. | London : |
| Nombre del editor, distribuidor, etc. | Phaidon, |
| Fecha de publicación, distribución, etc. | 2000. |
| 300 ## - DESCRIPCIÓN FÍSICA | |
| Extensión | 160 : |
| Otras características físicas | ill. (chiefly col.), facsims., ports. ; |
| Dimensiones | 29 cm. |
| 490 1# - MENCIÓN DE SERIE | |
| Mención de serie | Contemporary artists |
| 500 ## - NOTA GENERAL | |
| Nota general | Series statement on jacket. |
| 500 ## - NOTA GENERAL | |
| Nota general | Includes selected writings by and interviews with the artist. |
| 504 ## - NOTA DE BIBLIOGRAFÍA, ETC. | |
| Nota de bibliografía, etc. | Includes bibliographical references (p. 158-159). |
| 505 ## - NOTA DE CONTENIDO CON FORMATO | |
| Título | Interview |
| -- | Survey |
| -- | Focus |
| -- | Artist`s Choice |
| -- | Artist`s Writting |
| -- | Cronology |
| 600 10 - PUNTO DE ACCESO ADICIONAL DE MATERIA--NOMBRE DE PERSONA | |
| Nombre de persona | Cattelan, Maurizio, |
| Fechas asociadas al nombre | 1960- |
| 9 (RLIN) | 3052 |
| 650 ## - PUNTO DE ACCESO ADICIONAL DE MATERIA--TÉRMINO DE MATERIA | |
| Término de materia o nombre geográfico como elemento de entrada | Artist Work |
| Subdivisión cronológica | criticize |
| 9 (RLIN) | 3053 |
| 700 1# - ENTRADA AGREGADA--NOMBRE PERSONAL | |
| Nombre de persona | Spector, Nancy. |
| 9 (RLIN) | 3054 |
| 700 1# - ENTRADA AGREGADA--NOMBRE PERSONAL | |
| Nombre de persona | Vanderlinden, Barbara. |
| 9 (RLIN) | 3055 |
| 700 1# - ENTRADA AGREGADA--NOMBRE PERSONAL | |
| Nombre de persona | Cattelan, Maurizio, |
| Fechas asociadas al nombre | 1960- |
| 9 (RLIN) | 3056 |
| 830 #0 - PUNTO DE ACCESO ADICIONAL DE SERIE-TÍTULO UNIFORME | |
| Título uniforme | Contemporary artists. |
| 9 (RLIN) | 3057 |
| Estatus retirado | Estado de pérdida | Fuente del sistema de clasificación o colocación | Estado de daño | No para préstamo | Biblioteca de origen | Biblioteca actual | Ubicación en estantería | Fecha de adquisición | Total de préstamos | Signatura topográfica completa | Código de barras | Visto por última vez | Precio de reemplazo | Tipo de ítem Koha |
|---|---|---|---|---|---|---|---|---|---|---|---|---|---|---|
| Clasificación Decimal Dewey | Biblioteca LadoV | Biblioteca LadoV | 11/06/2015 | 701.18 B697m | 000635 | 11/06/2015 | 11/06/2015 | Material 01 |
